[Event "Danzhou 3rd"]
[Site "Danzhou"]
[Date "2012.06.02"]
[Round "5"]
[White "Zhao, Jun"]
[Black "Zhou, Jianchao"]
[Result "1-0"]
[WhiteElo "2577"]
[BlackElo "2609"]
[Annotator "Martin,A"]
[PlyCount "55"]
[EventDate "2012.05.29"]
[EventType "tourn"]
[EventRounds "9"]
[EventCountry "CHN"]
[EventCategory "16"]
[SourceTitle "EXT 2016"]
[Source "ChessBase"]
[SourceDate "2015.10.08"]
[SourceVersion "1"]
[SourceVersionDate "2015.10.08"]
[SourceQuality "1"]

1. e4 c5 2. Nf3 d6 3. d4 cxd4 4. Nxd4 Nf6 5. Nc3 a6 6. Bg5 Nbd7 {An
old-fashioned continuation.which has recently become very popular, thanks to
some new ideas after 7.Bc4.} 7. Qe2 $5 ({White ducks the challenge of} 7. Bc4
Qb6 $5 {which has been scoring well for Black.}) 7... e6 (7... h6 {immediately
has some merit, forcing the issue somewhat:} 8. Bh4 (8. Bd2 {feels like a
misplacement of the bishop:} e5 9. Nf5 Nc5 10. O-O-O g6 11. Ng3 Be6 12. h4 Qc7
13. h5 Bg7 14. hxg6 fxg6 15. Be3 O-O-O 16. f3 d5 $11 {Melia,S (2400)
-Guramishvili,S (2395)/Anaklia 2012}) 8... e6 9. O-O-O b5 10. f4 Qc7 11. f5 Nc5
$6 (11... b4 $1 {is the best move:} 12. fxe6 (12. Nb1 e5 13. Nb3 Bb7 $17) 12...
bxc3 13. exd7+ Nxd7 14. Kb1 g5 15. Bg3 Ne5 $13) 12. fxe6 fxe6 13. e5 dxe5 14.
Bg3 b4 15. Bxe5 Qf7 16. Nb1 (16. Nc6 $1 Bb7 17. Nxb4 {would set Black more
problems.}) 16... Bb7 17. Nd2 Be7 18. Nc4 Nfe4 19. Nf3 O-O 20. Qe3 Rad8 21.
Rxd8 Rxd8 22. Be2 Qg6 23. Re1 Bd5 24. g3 Rf8 25. Bf4 Qe8 26. Nfd2 Nxd2 27. Qxd2
Ne4 28. Qd4 Qa4 29. Kb1 Rc8 30. Rd1 $2 (30. Bd3 Bc5 31. Qe5 Bd6 32. Qd4 (32.
Nxd6 Qxa2+) 32... Bc5 $11) 30... Bc5 ({Better} 30... Nc3+ $1 31. bxc3 bxc3 32.
Qxc3 Bxc4 33. Bxc4 Rxc4 34. Qd3 Rb4+ 35. Kc1 Qxa2 $19) 31. Qe5 Bd6 32. b3 $4 (
32. Qd4 Nc3+ 33. bxc3 bxc3 34. Bxd6 Qb5+ 35. Kc1 Rxc4 36. Qxc3 $1 $11) 32...
Bxe5 33. bxa4 Nc3+ {0-1 Potkin,V (2642)-Laznicka,V (2693)/Havana 2012  The
last word has yet to be said about this whole variation}) 8. f4 Qc7 9. O-O-O b5
10. a3 Be7 11. g4 Bb7 {It's a traditional Najdorf, but with the white queen on
e2. White's position lends itself to the idea of a quick e4-e5 with sacrifices
such as Nf5 or Nd5 always in the wings. the drawback is that it takes slightly
longer to develop the kingside. Black must be very careful!} 12. Bh4 h6 (12...
Nc5 $1 {exploits White's slight lag in development and should equalize:} 13.
Bxf6 (13. Bg2 O-O 14. Bf2 d5 15. e5 Nfe4 16. Nxe4 dxe4 17. Kb1 Rfd8) 13... Bxf6
14. g5 Bxd4 15. Rxd4 e5) 13. Rg1 g5 $5 {Another of those thematic Najdorf
ideas, exploiting the unprotected Bishop on h4. Equally as usual, this is a
very double-edged procedure, where Black has to carefully consider the
position of his king in the centre.} 14. fxg5 hxg5 ({After Zhao Jianchao's
experience in our featured game, Black may have to revert to} 14... Nh7 $1 15.
Bf2 hxg5 16. Nf3 Ne5 17. Bd4 f6 18. h4 O-O-O 19. h5 Nf8 20. Bf2 Nxf3 21. Qxf3
Nd7 22. Rg3 Ne5 23. Qe3 Kd7 24. Qb6 Qxb6 25. Bxb6 Rc8 26. Be2 Bd8 27. Bd4 Ke7
28. Bxe5 fxe5 29. Rf3 Bb6 30. Rdf1 Rcf8 31. Rxf8 Be3+ 32. Kd1 Rxf8 33. Rxf8
Kxf8 34. Bf3 Bc6 35. Na2 a5 36. Ke2 Bf4 37. Kd3 d5 38. b4 a4 39. Nc3 Bc1 40.
exd5 exd5 41. Bxd5 Bd7 42. h6 Bxg4 43. Nxb5 Bd7 44. Nd6 g4 45. h7 Kg7 46. Be4
Be6 47. Nf5+ Bxf5 48. Bxf5 g3 49. Be4 Bxa3 50. Kc4 Bc1 51. b5 g2 52. Bxg2 Kxh7
53. Kb4 a3 54. Kb3 Kg7 55. c4 Kf7 56. c5 a2 57. Kxa2 Be3 {1/2-1/2 Wang Hao 
(2696)-Li,C (2643)/Beijing 2009/CBM 130 Extra}) 15. Bxg5 Nc5 16. h4 $1 Nfxe4
17. Nxe4 Nxe4 18. Bxe7 Qxe7 19. Bg2 $16 {The opening of the position has not
favoured Black at all, who now finds himself without a safe haven for his king.
} d5 ({After} 19... Nc5 {The simple} 20. Bxb7 {is just difficult to meet:} Nxb7
(20... Qxb7 21. Nf5 $1) 21. g5 Rxh4 22. g6 Kd7 23. gxf7 Qxf7 24. Nxe6 Re8 25.
Qg2 $1) 20. Bxe4 dxe4 21. Nxb5 $1 {Energetic and correct. The black king is
stuck high and dry in the middle.} (21. h5 Qg5+ 22. Kb1 Rc8 23. Qh2 $16) 21...
axb5 22. Qxb5+ Kf8 23. Rd7 Ba6 (23... Qe8 {is no better:} 24. Qc5+ $1 Kg8 25.
Qg5+ Kf8 26. Rxb7 Rb8 27. Rxb8 Qxb8 28. Rd1 $18) 24. Qe5 $1 Qxh4 25. g5 $1 {
A subsequent g5-g6 is impossible to stop.} Qh2 ({Or} 25... Qh3 26. Qxe4 Re8 27.
g6 Qh6+ 28. Kb1 Bc4 29. Qe5 fxg6 30. Qf6+ {crushes Black.}) 26. Qc5+ Kg8 27. g6
f6 (27... f5 28. Qd4 Qh6+ 29. Kb1 Re8 30. Qf6) 28. Qb6 {Black still walks a
tightrope after 6.Bg5.} 1-0

[Event "Asia-ch 4th"]
[Site "Doha"]
[Date "2003.02.26"]
[Round "5"]
[White "Iuldachev, Saidali"]
[Black "Zagrebelny, Sergey"]
[Result "0-1"]
[WhiteElo "2487"]
[BlackElo "2540"]
[Annotator "Mikhalevski,V"]
[PlyCount "98"]
[EventDate "2003.02.22"]
[EventType "swiss"]
[EventRounds "9"]
[EventCountry "QAT"]
[SourceTitle "CBM 094"]
[Source "ChessBase"]
[SourceDate "2003.05.26"]
[SourceVersion "1"]
[SourceVersionDate "2003.05.26"]
[SourceQuality "1"]

1. e4 c5 2. Nf3 d6 3. d4 cxd4 4. Nxd4 Nf6 5. Nc3 a6 6. Bg5 e6 7. f4 Nc6 {
Relatively rare, but interesting move. Black invites White to start a tactical
battle.} 8. Nxc6 {[%csl Rd8][%cal Ge4e5]} (8. e5 {is an alternative:} h6 9. Bh4
dxe5 (9... g5 {was also tested.}) 10. Nxc6 Qxd1+ 11. Rxd1 bxc6 12. fxe5 Nd5 13.
Ne4 {[%csl Rd6][%cal Gh4f2,Gf2c5]} Be7 14. Bf2 Rb8 15. Bd4 Nb4 {[%csl Ra2,Rc2]}
16. Rd2 Nxa2 17. c3 Nc1 {[%cal Gc1b3]} 18. Bc4 Nb3 {[%csl Rd2,Rd4]} 19. Bxb3
Rxb3 20. Bc5 $1 {[%cal Ge4d6]} a5 21. Nd6+ Bxd6 22. Bxd6 {[%csl Re8]} Ba6 (
22... f6 $142 $1) 23. Kf2 f5 24. Ra1 $1 {[%csl Ra5]} Kf7 25. Rxa5 Bc4 26. Ra7+
Kg6 27. Ke3 Rb5 28. b4 h5 (28... Rd5 {was better, however after} 29. Rd4 {
Black 's in trouble.}) 29. Rd4 {1-0 Ljuboevic-Ivanchuk,Tilburg,89}) 8... bxc6
9. e5 {[%cal Gg5d8]} h6 10. Bh4 ({Bad is} 10. exf6 hxg5 11. fxg5 gxf6 12. Qf3
d5 13. O-O-O fxg5 14. Bc4 g4 $1 $17 {Hector,J-Oll,L/Debrecen/1989/0-1/ -> CBM14
}) 10... g5 (10... dxe5 $6 {ChessBase} 11. Qxd8+ Kxd8 12. fxe5 g5 13. O-O-O+
$14) 11. fxg5 Nd5 $1 {[%cal Gd8h4] pinning the g-pawn.} 12. Nxd5 ({Unclear
position arises after} 12. Ne4 {ChessBase} Qb6 $1 (12... dxe5 {ChessBase} 13.
Nf6+ Nxf6 14. Qxd8+ Kxd8 15. gxf6 $14) 13. c3 dxe5 14. Bg3 hxg5 15. Bxe5 Rh4
16. Bd3 f5 $5 {16...Qe3; 16...Bb7} 17. Nd2 Bc5 (17... Qxb2 {ChessBase} 18. O-O
Ne3 19. Qf3 $13) 18. Qe2 Qxb2 19. Rb1 Qxa2 20. g3 Rh7 (20... Rh6 $5 {ChessBase}
21. c4 Nb4) 21. c4 Ne3 22. Qf3 Bd7 23. Ke2 Qa3 24. Ra1 Qb4 25. Rab1 Qa3 26. h4
$6 (26. Bb2 $5 {ChessBase} Qa2 27. Bc3 Qa3 28. Rb3 Qa2 29. h4) 26... Ng4 27.
Bb2 Qa5 28. hxg5 Rxh1 29. Qxh1 O-O-O 30. Nb3 Qb6 31. Nxc5 Qxc5 32. Qg1 {
1/2-1/2 Oll,L-Gelfand,B/Debrecen 1989/CBM 14/[ChessBase] (32)}) 12... cxd5 13.
Bg3 (13. Qh5 {ChessBase} Qb6 14. Be2 Bg7 15. Rf1 Ra7 16. Bf2 d4 17. O-O-O dxe5
$15 {Sakharov-Odeev/corr/1989/}) 13... hxg5 14. Bd3 {[%cal Ge1g1] A new move.
White has been preparing short castle with the attack of the f7-point.} (14.
Qd2 Bg7 (14... dxe5 15. Bxe5 f6 16. Bg3 Bd6 17. Bxd6 Qxd6 18. O-O-O Rxh2 19.
Rxh2 Qxh2 {and it seems that White doesn't have enough for a pawn. 0-1 Driamin,
D-Odeev,H/Moscow 1997/EXT 2000 (29)}) 15. exd6 (15. Qe3) 15... Bxb2 16. Rb1 Qf6
17. Rxb2 $1 (17. Kd1 Bc3 $17 {1/2-1/2 Aldrovandi,A-Bartolini,T/Rimini 1993/EXT
2000 (42). (41)}) 17... Qxb2 18. Qxg5 $44) (14. Be2 Qb6 (14... Bg7 $5) 15. Rb1
dxe5 16. Bxe5 Rh4 {and Black got a promising position in the game Villar-
Barral, La Coruna op 98.}) 14... Bg7 {[%csl Rb2,Re5][%cal Gg7b2]} (14... Qb6 {
deserved serious attention. This way Black prevents 0-0,and also attacks the
b2-pawn.}) 15. exd6 (15. Qe2 $5 {[%csl Ge5]}) 15... e5 ({It was better to
simply take the b2-pawn leaving e5 for later.} 15... Bxb2 16. O-O (16. Rb1 Bc3+
) 16... e5 $1 {[%csl Rd6][%cal Gb2d4]}) 16. O-O (16. Qd2 $5 {[%csl Rg5]}) 16...
Qxd6 17. Kh1 {Prophylaxis. White takes his king away from the open diagonal
amd leaves all options open.} ({White could try to exchange one of black's
central pawns with} 17. c4 $5 dxc4 $140 18. Qa4+ (18. Bxc4 Qc5+) 18... Bd7 19.
Qxc4) 17... Be6 18. Qe2 $1 {[%csl Re5][%cal Gc2c4] Concentrating on the
e5-pawn White also connects the rooks and takes his Queen away from the d-file
in order to play c4.} Rh6 $1 19. c4 ({It was also possible to initially bring
the rook to d1.} 19. Rad1 {[%cal Gc2c4]}) 19... d4 {[%csl Re8] It's easy to
understand Black who wants to keep the position close.} 20. b4 $2 {Throws the
advantage. Probably White has missed 22...Qb8 with exchange of Queens.} Qxb4
21. Bxe5 ({Not better is} 21. Rae1 Qc5) 21... Bxe5 22. Qxe5 Qb8 $1 {Now White
has to look for equality.} 23. Rae1 $1 ({It was possible to look for
counterplay on the b-file, but after} 23. Qxb8+ Rxb8 24. Rab1 Rxb1 25. Rxb1 {
[%cal Gb1b6]} Bd7 {[%csl Gb6]} (25... Kd7 26. Rb6 {[%csl Ra6]}) 26. Kg1 $1 {
Black's slightly better.}) 23... g4 (23... Qxe5 24. Rxe5 g4 25. Kg1 Ke7 {
would only lead to transposition.}) 24. Kg1 Qxe5 25. Rxe5 Ke7 26. Rf4 $1 {
[%csl Rd4,Rg4][%cal Gf4d4,Gf4g4] Double-attack.} Rah8 27. Rxg4 ({It would be
worse to begin with} 27. Rxd4 Rxh2 28. Rxg4 Kf6 $1 {[%csl Re5,Rg4] and White
has to be careful not to lose one of his rooks.} 29. Rge4 (29. Rgg5 Rh1+ 30.
Kf2 Rd8 31. Be2 Rd2 {[%csl Ra2,Rc4][%cal Ge6c4,Gd2a2]}) 29... Rh1+ 30. Kf2 Bf5
$1 {[%csl Rd3,Re4,Re5]}) 27... Kd6 ({Probably} 27... Rxh2 28. Rxd4 R2h4 29.
Rxh4 Rxh4 {[%csl Rc4] would give more chances for escape.}) 28. Rge4 Rxh2 29.
Ra5 $1 {[%csl Ra6,Rd4] White wins a pawn.} Rh1+ 30. Kf2 Rd1 31. Be2 ({White
could simply take the pawns} 31. Rxa6+ Kc7 (31... Kc5 $2 {leads to forced mate.
} 32. Re5+ Kb4 33. Rb6+ Kc3 34. Rb3+ Kd2 35. Re2+ Kc1 36. Rc2#) 32. Rxd4 {
Nothing to afraid of.} Rd2+ 33. Kf3 Bf5 (33... Rh6 $142 34. Ra7+ Kb6 35. Rb7+
$1 Kxb7 (35... Kc5 36. Ke3 Rxa2 37. Rb5+ Kc6 38. Be4+ $16) 36. Be4+ Kb6 37.
Rxd2 Bxc4 {with chances for escape.}) 34. Rad6) 31... Rd2 32. Ke1 Rb2 33. Rxd4+
Kc7 34. Rxa6 Rh1+ 35. Kf2 Rc1 {[%csl Re2][%cal Gc1c2]} 36. Ke3 $2 {It should
be really disappointing to make such a move after a good play. Probably that
was a time-trouble blunder.} ({After} 36. Ra5 $1 {White 's still better. For
example:} Rcc2 $140 37. Rc5+ Kb6 38. Rb5+ $14 {[%csl Rb2,Rb6]}) 36... Re1 $19 {
Now it's over. White loses a piece.The rest doesn't require comments.} 37. Kf4
(37. Rd2 Rxd2 38. Kxd2 Rxe2+ 39. Kxe2 Bxc4+ {[%csl Ra6,Re2] and Black wins.})
37... Rexe2 38. g4 Rxa2 39. Rxa2 Rxa2 40. Kg5 Ra8 41. Kf6 Rg8 42. Ke7 Kc6 43.
Re4 Kc5 44. Kf6 Rg6+ 45. Ke7 Bxc4 46. Rf4 Be6 47. Ra4 Bc4 48. g5 Kd4 49. Ra5
Bd5 {[%csl Rg5]} 0-1

[Event "Leningrad-ch56"]
[Site "Leningrad"]
[Date "1983.01.??"]
[Round "?"]
[White "Agapov, Konstantin"]
[Black "Polovodin, Igor A"]
[Result "*"]
[WhiteElo "2335"]
[BlackElo "2435"]
[Annotator "Nesis,G/Fedorov,VI"]
[PlyCount "42"]
[EventDate "1983.01.??"]
[EventType "tourn"]
[EventRounds "17"]
[EventCountry "URS"]
[SourceTitle "EXT 2006"]
[Source "ChessBase"]
[SourceDate "2005.11.24"]
[SourceVersion "1"]
[SourceVersionDate "2005.11.24"]
[SourceQuality "1"]

1. e4 c5 2. Nf3 d6 3. d4 cxd4 4. Nxd4 Nf6 5. Nc3 a6 6. Bg5 e6 7. f4 Nbd7 8. Qe2
Qc7 9. O-O-O b5 10. Nd5 $6 exd5 11. exd5+ Be7 12. Re1 (12. Nf5 Nb6 13. Nxg7+
Kd8 $17) 12... O-O $1 13. Qxe7 Re8 14. Qxe8+ Nxe8 15. Rxe8+ Nf8 16. Bd3 (16.
Be7 $2 Bb7) (16. Nc6 f6) 16... f6 $1 17. Bh4 Bb7 18. Ne6 Qf7 $1 19. Rxa8 Bxa8
20. Re1 (20. Be4 Qh5) 20... Bxd5 21. Nxf8 Kxf8 $17 *